| 000 | 00000nas##2200000za#4500 |
|---|---|
| 001 | 9.514804 |
| 003 | CaOODSP |
| 005 | 20200325130607 |
| 007 | ta |
| 008 | 150406c1993||||xxc|| m #||||f| |0eng|d |
| 022 | |a0825-0170 |
| 040 | |aCaOODSP|beng |
| 043 | |an-cn--- |
| 086 | 1 |aNE12-3E |
| 110 | 1 |aCanada. |bNational Energy Board. |
| 245 | 10|aInformation bulletin |
| 260 | |aCalgary - Alberta : |bNational Energy Board |
| 563 | |aProcessed |
| 775 | 08|tBulletin d'information |w(CaOODSP)9.513158 |
| 776 | 0#|tInformation bulletin |w(CaOODSP)9.506777 |